Fnaf Character - Statistics

General Stats
  • This quiz has been taken 18 times
    17 since last reset
  • The average score is 88 of 136
Answer Stats
Answer % Correct
Bonnie
100%
Chica
100%
Foxy
100%
Fnaf 1 Freddy Fazbear
100%
Fnaf 1 Secrets Golden Freddy
100%
Endo 01
83%
Endo 02
83%
Original 2 Fredbear
83%
Fnaf 2 Toy Freddy
83%
Ballora
75%
BB
75%
Bidybab
75%
Bon Bon
75%
Bonnet
75%
SL Circus Baby
75%
Crying Child
75%
Electrobab
75%
Elizabeth Afton
75%
Ennard
75%
Funtime Foxy
75%
Funtime Freddy
75%
Fnaf Help Wanted Glitchtrap
75%
Happy Frog
75%
Jack O Bonnie
75%
Jack O Chica
75%
Fnaf 2 Secret Charecters JJ
75%
Lefty
75%
Mangle
75%
Minireena
75%
Fnaf 6 Enemies Molten Freddy
75%
Mr Hippo
75%
Nedd Bear
75%
Nightmare
75%
Nightmare BB
75%
Nightmare Bonnie
75%
Nightmare Chica
75%
Nightmare Foxy
75%
Fnaf 4 Nightmare Freddy
75%
Nightmare Mangle
75%
Fnaf 4 Halloween DLC Nightmarionne
75%
Phantom BB
75%
Phantom Chica
75%
Phantom Foxy
75%
Phantom Freddy
75%
Phantom Mangle
75%
Phantom Puppet
75%
Phone Guy
75%
Pigpatch
75%
Plushtrap
75%
Rockstar Bonnie
75%
Rockstar Chica
75%
Rockstar Foxy
75%
Rockstar Freddy
75%
Scrap Baby
75%
Shadow Bonnie
75%
Shadow Freddy
75%
Spring Bonnie
75%
Fnaf 3 Springtrap
75%
The Puppet
75%
Toy Bonnie
75%
Toy Chica
75%
Aftons William Afton
75%
Withered Bonnie
75%
Withered Chica
75%
Withered Foxy
75%
Withered Freddy
75%
Yenndo
75%
Fnaf 6 Friendly Bucket Bob
67%
Burntrap
67%
Cupcake
67%
Deedee
67%
El Chip
67%
Fruit Punch Clown
67%
Funtime Chica
67%
Glamrock Chica
67%
Fnaf SB Glamrock Freddy
67%
Helpy
67%
Emilys Henry
67%
Lemonade Clown
67%
SL UCN Lolbit
67%
Montgomery Gator
67%
Mr Can-Do
67%
Mr Hugs
67%
Music Man
67%
Nightmare Fredbear
67%
Orville Elephant
67%
Pan Stan
67%
Roxanne Wolf
67%
Scraptrap
67%
Fnaf SB Kinda Secret The Blob
67%
Vanny
67%
Kinda A Secret Charecter Withered Golden Freddy
67%
Candy Cadet
58%
Charlotte
58%
Egg Baby
58%
Micheal Afton
58%
Mike Schmidt
58%
Moon
58%
Nightmare Cupcake
58%
No 1 Crate
58%
Plushbaby
58%
Prize King
58%
Sun
58%
Toy Cupcake
58%
Dreadbear
50%
Funtime Cupcake
50%
Fnaf SB Secret Glamrock Bonnie
50%
Glamrock Endo
50%
Gregory
50%
Grimm Foxy
50%
Parrot
50%
Vanessa
50%
DJ Music Man
42%
Fritz Smith
42%
Glamrock Mr Hippo
42%
Fnaf 3 Secret Charecters Golden Cupcake
42%
Jeremy Fitzgerald
42%
Phone Dude
42%
Security Puppet
42%
Fnaf World Toy Foxy
42%
Jack O Lantren
33%
Minireena 2
33%
Shadow BB
33%
Shadow Cupcake
33%
Shadow Puppet
33%
S.T.A.F.F. Bots
33%
Original Canon Name Of Golden Freddy Yellow Bear
33%
Beaver
25%
Lil Music Man
25%
Unused FNAF 1 Wolf
25%
Fnaf 3 Nightguard
17%
Mendo
17%
Scrap Plushbaby
17%
Nightmarionne S.T.A.F.F. Bots
8%
No matching quizzes found
Score Distribution
Percent of People with Each Score
Percentile by Number Answered
Your Score History
You have not taken this quiz since the last reset